[Event "AUTO-BEG-176"]
[Site "http://www.queenalice.com/game.php?id=423799"]
[Date "2008.6.27"]
[Round "2"]
[White "ramy"]
[Black "J_R_Ewing"]
[Result "1-0"]
[WhiteElo "1602"]
[BlackElo "1349"]

1. d4 d5 2. c4 Nc6 3. Nc3 e5 4. cxd5 Nxd4 5. e3 Nf5 6. Nf3 Bb4 7. Qb3 a5 8. Bd2
Nge7 9. Bb5+ Bd7 10. Bxd7+ Qxd7 11. Nxe5 Qd6 12. Nf3 c6 13. dxc6 bxc6 14. a3 c5
15. Rd1 a4 16. Nxa4 Nd5 17. axb4 Nxb4 18. Bxb4 Qc6 19. Nxc5 Qg6 20. Rd7 Ra1+ 21.
Ke2 Rxh1 22. Rd8+ Kxd8 23. Ba5+ Ke7 24. Qb7+ Kd6 25. Qb6+ Kd5 26. e4+ Kc4 27.
Qb4# 1-0

[Event "AUTO-BEG-176"]
[Site "http://www.queenalice.com/game.php?id=423800"]
[Date "2008.6.27"]
[Round "2"]
[White "J_R_Ewing"]
[Black "ramy"]
[Result "0-1"]
[WhiteElo "1378"]
[BlackElo "1569"]

1. e4 e5 2. Qh5 d6 3. Bc4 g6 4. Qf3 Nf6 5. Nh3 Bg7 6. Ng5 O-O 7. h4 Nc6 8. c3 d5
9. Bxd5 Ne7 10. h5 Nexd5 11. h6 Bh8 12. c4 Nb4 13. Na3 Nd3+ 14. Ke2 Bg4 15. Qxg4
Nxg4 16. Rh3 Nf4+ 17. Kf1 Nxh3 18. Nxh3 Qd3+ 19. Ke1 Nh2 20. f3 Qf1# 0-1

[Event "AUTO-BEG-176"]
[Site "http://www.queenalice.com/game.php?id=423801"]
[Date "2008.6.27"]
[Round "2"]
[White "ramy"]
[Black "alexandre35"]
[Result "1-0"]
[WhiteElo "1503"]
[BlackElo "1670"]

1. d4 d5 2. c4 dxc4 3. e3 b5 4. a4 c6 5. axb5 cxb5 6. Qf3 e5 7. Qxa8 exd4 8.
Qxb8 Bd6 9. Qxb5+ Bd7 10. Qxc4 Nf6 11. Qxd4 Qc7 12. Nc3 Be5 13. Nb5 Qa5+ 14.
Rxa5 Bxd4 15. Nxd4 1-0

[Event "AUTO-BEG-176"]
[Site "http://www.queenalice.com/game.php?id=423802"]
[Date "2008.6.27"]
[Round "2"]
[White "alexandre35"]
[Black "ramy"]
[Result "0-1"]
[WhiteElo "1765"]
[BlackElo "1649"]

1. e4 e5 2. f4 d6 3. Nf3 Bg4 4. Bc4 exf4 5. O-O Nc6 6. Nc3 Be7 7. h3 Bh5 8. d4
Nf6 9. Bxf4 O-O 10. Qd2 Nxe4 11. Nxe4 d5 12. Bxd5 Qxd5 13. Neg5 h6 14. c4 Qd7
15. g4 Bg6 16. d5 hxg5 17. Bxg5 Nd8 18. Bf4 f6 19. Nh4 Bh7 20. b4 Nf7 21. c5 g5
22. Bxg5 Nxg5 23. d6 cxd6 24. Qd5+ Kh8 25. Nf5 Nxh3+ 26. Kh2 Ng5 27. cxd6 Bxf5
28. Rxf5 Qxd6+ 29. Qxd6 Bxd6+ 30. Kg2 Bxb4 31. Rh1+ Kg7 32. Rb5 a5 33. Rxb7+ Rf7
34. Rb5 Raa7 35. Rb8 Rf8 36. Rb6 Rd7 37. Rf1 Rd2+ 38. Kh1 Rh8+ 39. Kg1 Bc5+ 0-1

[Event "AUTO-BEG-176"]
[Site "http://www.queenalice.com/game.php?id=423803"]
[Date "2008.6.27"]
[Round "2"]
[White "ramy"]
[Black "Groomi"]
[Result "1-0"]
[WhiteElo "1630"]
[BlackElo "1710"]

1. d4 e6 2. c4 d5 3. Nf3 dxc4 4. Qa4+ Nc6 5. Qxc4 Bb4+ 6. Nc3 Nf6 7. Bg5 h6 8.
Bh4 g5 9. Bg3 Ne4 10. e3 g4 11. Ne5 Nd6 12. Nxc6 Nxc4 13. Nxd8 Nxb2 14. Kd2 Kxd8
15. Rb1 Bxc3+ 16. Kxc3 Na4+ 17. Kd2 b6 18. Bb5 Bd7 19. Rhc1 c5 20. Rc4 Bc8 21.
Bc6 b5 22. Bxb5 Nb6 23. Bh4+ Kc7 24. Rxc5+ Kd6 25. Rc6+ Kd5 26. Rbc1 Nd7 27. Bg3
a6 28. Rd6+ Ke4 29. Bc6+ Kf5 30. Bxa8 Nf6 31. Rc5+ Kg6 32. Kd3 Nd7 33. Rdc6
Nxc5+ 34. Rxc5 Bd7 35. Be4+ Kg7 36. Kc3 Rf8 37. Kb4 f5 38. Rc7 Rb8+ 39. Ka3 Rd8
40. Bc6 Kf6 41. Rxd7 Rc8 42. Bb7 Rc3+ 43. Kb2 Rd3 44. Rc7 a5 45. Rc5 a4 46. Bh4+
Kg6 47. Rc6 Kh5 48. Bg3 e5 49. Bxe5 Rd2+ 50. Rc2 Rd1 51. Bc6 Rg1 52. Rc1 Rxc1
53. Kxc1 Kg5 54. Bxa4 h5 55. h3 gxh3 56. gxh3 Kh4 57. Bd7 Kxh3 58. Bxf5+ Kg2 59.
Bf6 Kxf2 60. Bg6 h4 61. Bxh4+ Kxe3 62. a4 Kxd4 63. Bf6+ Kd5 64. Bf7+ Kc6 65. Kc2
Kb6 66. Kc3 Ka5 67. Bc4 Kxa4 68. Bd4 Ka5 69. Bc5 Ka4 70. Bb6 Ka3 71. Bb5 Ka2 72.
Kc2 Ka3 73. Bc5+ Ka2 74. Bc4+ Ka1 75. Bd4# 1-0

[Event "AUTO-BEG-176"]
[Site "http://www.queenalice.com/game.php?id=423804"]
[Date "2008.6.27"]
[Round "2"]
[White "Groomi"]
[Black "ramy"]
[Result "0-1"]
[WhiteElo "1737"]
[BlackElo "1545"]

1. d4 d5 2. Nf3 Nc6 3. Bf4 Nf6 4. e3 Bf5 5. Bb5 a6 6. Bxc6+ bxc6 7. Ne5 Qb8 8.
b3 Qb6 9. Nc3 Qb4 10. Qd2 e6 11. Nxc6 Qb6 12. Ne5 Be7 13. Na4 Qb7 14. O-O O-O
15. Rfc1 Rac8 16. c4 Ba3 17. Rc2 Bxc2 18. Qxc2 c5 19. dxc5 Bxc5 20. Nd3 Be7 21.
Ne5 Ne4 22. Rd1 g5 23. Bxg5 Bxg5 24. Qe2 Rfd8 25. cxd5 Rxd5 26. Nc4 Rcd8 27.
Ncb2 Qb5 28. Qg4 Qd7 29. Rc1 Nxf2 30. Kxf2 Rf5+ 31. Kg3 Qd2 32. Rc3 h5 33. Qe4
Qf2+ 34. Kh3 Rf4 35. Qxf4 Bxf4 36. exf4 Qxf4 37. Rg3+ Kh7 38. Nc5 Rd4 39. Rg7+
Kxg7 40. g3 Qf5+ 41. Kg2 Rd2+ 42. Kg1 Qf2+ 43. Kh1 Qxh2# 0-1

[Event "AUTO-ADV-1046"]
[Site "http://www.queenalice.com/game.php?id=466289"]
[Date "2008.9.21"]
[Round "1"]
[White "reibas"]
[Black "ramy"]
[Result "1-0"]
[WhiteElo "1691"]
[BlackElo "1575"]

1. e4 e6 2. Nc3 d5 3. d3 Nf6 4. e5 Nfd7 5. d4 c5 6. Nf3 Qb6 7. b3 Nc6 8. Ne2
cxd4 9. Nfxd4 Ndxe5 10. Be3 Bc5 11. Nc3 Bxd4 12. Bxd4 1-0

[Event "AUTO-ADV-1046"]
[Site "http://www.queenalice.com/game.php?id=466290"]
[Date "2008.9.21"]
[Round "1"]
[White "ramy"]
[Black "reibas"]
[Result "0-1"]
[WhiteElo "1564"]
[BlackElo "1702"]

1. d4 Nf6 2. c4 d5 3. e3 Bf5 4. Nc3 e6 5. Nf3 Bb4 6. Bd2 O-O 7. cxd5 Bxc3 8.
Bxc3 exd5 9. Bd3 Bxd3 10. Qxd3 h6 11. O-O Nc6 12. Rad1 Ne4 0-1

[Event "AUTO-ADV-1046"]
[Site "http://www.queenalice.com/game.php?id=466305"]
[Date "2008.9.21"]
[Round "1"]
[White "ramy"]
[Black "JMRNETO"]
[Result "0-1"]
[WhiteElo "1630"]
[BlackElo "1969"]

1. d4 d5 2. c4 dxc4 3. e3 Nf6 4. Bxc4 Nc6 5. Nc3 Bf5 6. Nf3 h6 7. O-O e6 8. Re1
Bb4 9. Bd2 a6 10. a3 Bxc3 11. Bxc3 Ne4 12. Qc2 Ng5 13. Qe2 Bg4 14. h3 Nxf3+ 15.
gxf3 Bxh3 16. f4 Qh4 17. Qf3 g5 18. Bf1 Bxf1 19. Kxf1 gxf4 20. d5 Ne7 21. Bxh8
O-O-O 22. Be5 fxe3 23. Qxe3 b6 24. dxe6 fxe6 25. Qc3 Nd5 26. Qg3 Qc4+ 27. Kg1
Ne7 28. Rac1 Qxc1 0-1

[Event "AUTO-ADV-1046"]
[Site "http://www.queenalice.com/game.php?id=466306"]
[Date "2008.9.21"]
[Round "1"]
[White "JMRNETO"]
[Black "ramy"]
[Result "1-0"]
[WhiteElo "1949"]
[BlackElo "1690"]

1. e4 e6 2. d4 d5 3. e5 c5 4. Nf3 Nc6 5. Nc3 Qb6 6. Bb5 a6 7. Bxc6+ bxc6 8. b3
Bb7 9. Be3 cxd4 10. Bxd4 Bc5 11. O-O Bxd4 12. Nxd4 Ne7 13. Nce2 Ng6 14. f4 c5
15. Nf3 O-O 16. c3 d4 17. cxd4 cxd4 18. Qxd4 Qxd4+ 19. Nfxd4 Nh4 20. g3 Ng6 21.
Rfc1 Rac8 22. Rxc8 Rxc8 23. Rc1 Rd8 24. Rc7 Bd5 25. Ra7 1-0

[Event "AUTO-INT-1044"]
[Site "http://www.queenalice.com/game.php?id=466315"]
[Date "2008.9.21"]
[Round "1"]
[White "anakarine"]
[Black "ramy"]
[Result "1-0"]
[WhiteElo "1518"]
[BlackElo "1628"]

1. d4 d5 2. e3 e6 3. a3 Nc6 4. Nc3 Nf6 5. Nf3 Bd7 6. Bd3 Be7 7. Bd2 O-O 8. O-O
h6 9. h3 Bd6 10. Bb5 a6 11. Bd3 Ne7 12. Ne2 Re8 13. Bc3 c5 14. b3 b5 15. Qe1 Rc8
16. Ba5 Bc7 17. Bc3 c4 18. bxc4 bxc4 19. Bxc4 1-0

[Event "AUTO-INT-1044"]
[Site "http://www.queenalice.com/game.php?id=466316"]
[Date "2008.9.21"]
[Round "1"]
[White "ramy"]
[Black "anakarine"]
[Result "0-1"]
[WhiteElo "1608"]
[BlackElo "1538"]

1. d4 d5 2. c4 Be6 3. Nc3 dxc4 4. e4 Qd7 5. Nf3 h6 6. h3 Nf6 7. d5 Nxe4 8. Nxe4
Bxd5 9. Nc3 Bxf3 10. Qxf3 Nc6 11. Bxc4 Nd4 12. Qd3 a6 13. Be3 e5 14. Ne2 Bb4+
15. Bd2 Bc5 16. Nxd4 Bxd4 17. Rb1 O-O-O 18. Qc2 Qc6 19. Qf5+ Kb8 20. Bf1 Qc2 0-1

[Event "AUTO-INT-1044"]
[Site "http://www.queenalice.com/game.php?id=466331"]
[Date "2008.9.21"]
[Round "1"]
[White "markam"]
[Black "ramy"]
[Result "1-0"]
[WhiteElo "1644"]
[BlackElo "1688"]

1. e4 e6 2. d4 d5 3. Nc3 Bb4 4. Ne2 Nc6 5. Bd2 Nf6 6. e5 Nd7 7. a3 Ba5 8. Nf4
O-O 9. Qg4 Nxd4 10. Nh5 Nf5 11. f4 Qh4+ 12. Qxh4 Nxh4 13. Rg1 Nc5 14. b4 1-0

[Event "AUTO-INT-1044"]
[Site "http://www.queenalice.com/game.php?id=466332"]
[Date "2008.9.21"]
[Round "1"]
[White "ramy"]
[Black "markam"]
[Result "1-0"]
[WhiteElo "1673"]
[BlackElo "1692"]

1. d4 Nf6 2. c4 g6 3. Nc3 d5 4. Bf4 Bg7 5. e3 O-O 6. Nf3 Bg4 7. h3 Bxf3 8. Qxf3
c6 9. cxd5 Nxd5 10. Bc4 Nxc3 11. bxc3 Nd7 12. O-O b5 13. Bb3 Rc8 14. Rac1 e5 15.
Rfd1 exf4 16. Qxf4 Nf6 17. c4 bxc4 18. Bxc4 Re8 19. Re1 Nd5 20. Qf3 Kf8 21. e4
Nb6 22. Qxf7# 1-0

[Event "AUTO-INT-1044"]
[Site "http://www.queenalice.com/game.php?id=466343"]
[Date "2008.9.21"]
[Round "1"]
[White "ramy"]
[Black "koshnarek"]
[Result "0-1"]
[WhiteElo "1684"]
[BlackElo "1596"]

1. d4 e6 2. c4 Nf6 3. Nc3 c6 4. Nf3 d6 5. e4 d5 6. e5 Ne4 7. Nxe4 Be7 8. Nc3
dxc4 9. Bxc4 b5 10. Bd3 Na6 11. O-O Nb4 12. a3 Nxd3 13. Qxd3 Bb7 14. Rd1 a5 15.
Be3 O-O 16. h3 h6 17. Ne4 f5 18. Nc3 Qe8 19. Ne2 g5 20. g3 Qg6 21. Rac1 Kg7 22.
Nd2 a4 23. f4 g4 24. Kg2 gxh3+ 25. Kxh3 Qg4+ 0-1

[Event "AUTO-INT-1044"]
[Site "http://www.queenalice.com/game.php?id=466344"]
[Date "2008.9.21"]
[Round "1"]
[White "koshnarek"]
[Black "ramy"]
[Result "1-0"]
[WhiteElo "1634"]
[BlackElo "1646"]

1. e4 e6 2. Qf3 d5 3. e5 c5 4. Bb5+ Nc6 5. c3 a6 6. Ba4 b5 7. Bc2 Nxe5 8. Qe2
Nc6 9. Nf3 Nf6 10. Ne5 Bb7 11. Nxc6 Bxc6 12. d4 Qb6 13. Be3 Be7 14. dxc5 Bxc5
15. b4 Bxe3 16. Qxe3 Qxe3+ 17. fxe3 O-O 18. O-O Ng4 19. Re1 Rad8 20. h3 Ne5 21.
Nd2 Rc8 22. a3 Bb7 23. Nb1 f5 24. a4 1-0

[Event "AUTO-OPEN-1271"]
[Site "http://www.queenalice.com/game.php?id=466367"]
[Date "2008.9.21"]
[Round "1"]
[White "koshnarek"]
[Black "ramy"]
[Result "1-0"]
[WhiteElo "1616"]
[BlackElo "1664"]

1. e4 e6 2. e5 d5 3. d4 c5 4. Be3 cxd4 5. Bxd4 Nc6 6. Bc3 Nge7 7. Nf3 Ng6 8. g3
Qc7 9. Bg2 Ngxe5 10. Nxe5 Nxe5 11. Bd4 Bc5 12. Bxc5 Qxc5 13. O-O O-O 14. b3 Bd7
15. Re1 Nc6 16. c3 Ne7 17. b4 Qb6 18. a4 a6 19. a5 Qc7 20. Qd4 Nf5 21. Qe5 Qxe5
22. Rxe5 Bb5 23. Nd2 Rac8 24. Rc1 Rc7 25. Bf1 1-0

[Event "AUTO-OPEN-1271"]
[Site "http://www.queenalice.com/game.php?id=466368"]
[Date "2008.9.21"]
[Round "1"]
[White "ramy"]
[Black "koshnarek"]
[Result "0-1"]
[WhiteElo "1589"]
[BlackElo "1627"]

1. d4 e6 2. c4 Nf6 3. Nc3 c6 4. Nf3 d6 5. e4 g6 6. Bd3 Bg7 7. d5 O-O 8. O-O e5
9. Be3 b6 10. Bg5 c5 11. Qd2 Na6 12. b3 Nb4 13. Rfe1 Nxd3 14. Qxd3 h6 15. Be3
Bd7 16. Qd2 Ng4 17. h3 Nxe3 18. Rxe3 a6 19. a3 b5 20. a4 b4 21. Ne2 a5 22. Ne1
Qg5 23. Rd3 Bf6 24. f4 exf4 25. Qxf4 Bxa1 26. Qxd6 Qd8 0-1

[Event "AUTO-OPEN-1271"]
[Site "http://www.queenalice.com/game.php?id=466391"]
[Date "2008.9.21"]
[Round "1"]
[White "CONTEMPLATIF"]
[Black "ramy"]
[Result "1-0"]
[WhiteElo "1761"]
[BlackElo "1554"]

1. Nf3 d5 2. d4 e6 3. a3 c5 4. e3 Nc6 5. c4 dxc4 6. Bxc4 cxd4 7. Nxd4 Nxd4 8.
exd4 Nf6 9. O-O Bd6 10. Nc3 O-O 11. Bg5 h6 12. Bxf6 Qxf6 13. Ne4 Qf4 14. Nxd6
Qxd6 15. d5 Rd8 16. dxe6 Bxe6 17. Qxd6 Rxd6 18. Bxe6 Rxe6 19. Rfe1 Rae8 20. Kf1
f6 21. Rxe6 Rxe6 22. Re1 Kf7 23. Rxe6 Kxe6 24. Ke2 a5 25. f4 b5 26. b4 axb4 27.
axb4 Kf5 28. Kf3 h5 29. h4 g5 30. hxg5 fxg5 31. fxg5 1-0

[Event "AUTO-OPEN-1271"]
[Site "http://www.queenalice.com/game.php?id=466392"]
[Date "2008.9.21"]
[Round "1"]
[White "ramy"]
[Black "CONTEMPLATIF"]
[Result "0-1"]
[WhiteElo "1546"]
[BlackElo "1769"]

1. d4 d5 2. c4 e6 3. Nc3 Nf6 4. e3 Be7 5. Nf3 c6 6. cxd5 Nxd5 7. Bc4 Nd7 8. O-O
b5 9. Bb3 N7f6 10. Re1 a6 11. e4 Nxc3 12. bxc3 O-O 13. Bb2 Bb7 14. c4 b4 15. d5
exd5 16. cxd5 cxd5 17. exd5 Bxd5 18. Bxd5 Nxd5 19. Rxe7 Nxe7 20. Qc2 a5 21. Re1
Re8 22. Ng5 Ng6 23. Rxe8+ Qxe8 24. h3 Rc8 25. Qf5 h6 26. Ne4 Ne7 27. Qg4 Ng6 28.
Qf5 f6 29. Bxf6 Rc1+ 30. Kh2 Qb8+ 31. g3 Nf8 0-1

[Event "AUTO-OPEN-1271"]
[Site "http://www.queenalice.com/game.php?id=466407"]
[Date "2008.9.21"]
[Round "1"]
[White "ramy"]
[Black "amandolin"]
[Result "1-0"]
[WhiteElo "1670"]
[BlackElo "1344"]

1. d4 f5 2. Bg5 Nf6 3. c4 d5 4. Nc3 e6 5. Nf3 Nc6 6. e3 Bb4 7. a3 Bxc3+ 8. bxc3
O-O 9. cxd5 exd5 10. c4 Qd7 11. cxd5 Nxd5 12. Bc4 Qe6 13. Qb3 a6 14. Bxd5 Nxd4
15. Nxd4 1-0